Statistieken voor Landen het dichtst bij Nederland

Klik hier om de quiz te nemen!

Algemene statistieken

  • Deze quiz is 1.612 keer genomen
  • De gemiddelde score is 13 van 20

Antwoordstatistieken

kmLand% Correct
0België
100%
0Duitsland
100%
0Frankrijk
98%
64Luxemburg
96%
200Denemarken
92%
133Verenigd Koninkrijk
92%
463Polen
87%
445Oostenrijk
86%
371Zwitserland
85%
494Noorwegen
84%
434Zweden
80%
411Tsjechië
68%
465Liechtenstein
60%
27Venezuela
40%
125Colombia
31%
431Saint Lucia
27%
13Saint Kitts en Nevis
25%
259Dominica
25%
493Saint Vincent en de Grenadines
24%
119Antigua en Barbuda
23%

Scoreverdeling

Percentiel versus Aantal Correcte Antwoorden

Procent van Mensen met Elke Score

Uw Scoregeschiedenis

U heeft deze quiz nog niet genomen